Numbers in Hebrew - Statistics

General Stats
  • This quiz has been taken 25 times
  • The average score is 7 of 10
Answer Stats
Hint Answer % Correct
1 Echad
89%
3 Shalosh
83%
6 Shesh
78%
7 Sheva
78%
10 Eser
72%
9 Tesha
72%
4 Arba'a
67%
5 Chamesh
56%
8 Shmoneh
39%
2 Shnayim
28%
No matching quizzes found
Score Distribution
Percent of People with Each Score
Percentile by Number Answered
Your Score History
You have not taken this quiz